[Event "KOS-ch"]
[Site "Pristina"]
[Date "2022.11.13"]
[Round "3"]
[White "Saraci, Nderim"]
[Black "Bujupi, Albert"]
[Result "1-0"]
[WhiteElo "2464"]
[BlackElo "2067"]
[PlyCount "43"]
[EventDate "2022.11.11"]
[EventType "swiss"]
[EventRounds "9"]
[EventCountry "KOS"]
[SourceTitle "CBM 211 Extra"]
[Source "ChessBase"]
[SourceDate "2023.01.31"]
[SourceVersion "1"]
[SourceVersionDate "2023.01.31"]
[SourceQuality "1"]

1. e4 e5 2. Bc4 Nf6 3. d3 Bc5 4. Nf3 d6 5. 0-0 0-0 6. c3 a6 7. Bb3 Bg4 8. Re1 Nc6 9. h3 Bh5 10. Nbd2 Qd7 11. Nf1 Kh8 12. Ng3 Bg6 13. Nh4 Ng8 14. Be3 Nd8 15. d4 exd4 16. cxd4 Bb4 17. Re2 c6 18. f4 Qe7 19. Nf3 f6 20. Nh4 Bxe4 21. Bd2 d5 22. Nhf5 1-0

[Event "Pristina Nderkombetar op"]
[Site "Pristina"]
[Date "2022.06.23"]
[Round "9"]
[White "Sadiku, Bedri"]
[Black "Bujupi, Albert"]
[Result "1-0"]
[WhiteElo "2209"]
[BlackElo "2034"]
[PlyCount "47"]
[EventDate "2022.06.17"]
[EventType "swiss"]
[EventRounds "9"]
[EventCountry "KOS"]
[SourceTitle "CBM 209 Extra"]
[Source "ChessBase"]
[SourceDate "2022.09.30"]
[SourceVersion "1"]
[SourceVersionDate "2022.09.30"]
[SourceQuality "1"]

1. Nf3 d5 2. b3 Nf6 3. Bb2 e6 4. e3 Be7 5. d3 b6 6. Nbd2 Bb7 7. c4 0-0 8. Qc2 dxc4 9. Nxc4 Nc6 10. a3 a5 11. Be2 a4 12. b4 b5 13. Ncd2 Bxb4 14. axb4 Nxb4 15. Qc3 Qe7 16. e4 Na6 17. Qe5 b4 18. Rxa4 c5 19. 0-0 Bc6 20. Ra5 Rfc8 21. Rfa1 Bb7 22. Nc4 Qc7 23. Qxc7 Rxc7 24. Nd6 1-0

[Event "Pristina Nderkombetar op"]
[Site "Pristina"]
[Date "2022.06.18"]
[Round "2"]
[White "Dinev, Dejan"]
[Black "Bujupi, Albert"]
[Result "1-0"]
[WhiteElo "2202"]
[BlackElo "2034"]
[PlyCount "109"]
[EventDate "2022.06.17"]
[EventType "swiss"]
[EventRounds "9"]
[EventCountry "KOS"]
[SourceTitle "CBM 209 Extra"]
[Source "ChessBase"]
[SourceDate "2022.09.30"]
[SourceVersion "1"]
[SourceVersionDate "2022.09.30"]
[SourceQuality "1"]

1. d4 d5 2. Nf3 c6 3. g3 Bf5 4. Bg2 h6 5. 0-0 e6 6. c4 Nf6 7. Nc3 Be7 8. Nd2 Qb6 9. e4 dxe4 10. Ndxe4 0-0 11. Be3 Ng4 12. Qe2 Nxe3 13. fxe3 Nd7 14. Rf2 Nf6 15. Nxf6+ Bxf6 16. Be4 Bxe4 17. Nxe4 Be7 18. b3 c5 19. Rd1 cxd4 20. exd4 Rad8 21. c5 Qc6 22. b4 a6 23. Nc3 Rd7 24. a4 Rfd8 25. Qc4 Bf6 26. b5 Qc8 27. Rfd2 h5 28. Ne4 Be7 29. Kg2 Rd5 30. Nc3 R5d7 31. Qe2 g6 32. Qc4 Bxc5 33. d5 Bf8 34. Qxc8 Rxc8 35. Ne4 Bg7 36. dxe6 Rxd2+ 37. Rxd2 fxe6 38. Rd7 Rc4 39. Ng5 Bc3 40. Rxb7 Rxa4 41. b6 Rb4 42. Rb8+ Kg7 43. Nxe6+ Kf7 44. Nd8+ Kf6 45. Nc6 Rb2+ 46. Kf3 a5 47. b7 Kg7 48. Ke4 a4 49. Nd8 a3 50. Ra8 a2 51. Rxa2 Rb4+ 52. Kd3 Be5 53. Nc6 Rb6 54. Nxe5 Rxb7 55. Ra6 1-0

[Event "KOS-ch"]
[Site "Pristina"]
[Date "2020.10.31"]
[Round "7"]
[White "Saraci, Korab"]
[Black "Bujupi, Albert"]
[Result "1-0"]
[WhiteElo "2091"]
[BlackElo "1993"]
[PlyCount "87"]
[EventDate "2020.10.10"]
[EventType "swiss"]
[EventRounds "9"]
[EventCountry "KOS"]
[SourceTitle "EXT 2022"]
[Source "ChessBase"]
[SourceDate "2021.10.06"]
[SourceVersion "1"]
[SourceVersionDate "2021.10.06"]
[SourceQuality "1"]

1. e4 e5 2. Nf3 Nc6 3. Bb5 a6 4. Bxc6 dxc6 5. 0-0 f6 6. d4 exd4 7. Nxd4 c5 8. Nb3 Qxd1 9. Rxd1 Bg4 10. f3 Bd7 11. Bf4 0-0-0 12. Nc3 Be6 13. Rxd8+ Kxd8 14. Rd1+ Kc8 15. Nd5 Bd6 16. Bxd6 cxd6 17. Nb6+ Kc7 18. Na8+ Kc8 19. Rxd6 Bxb3 20. axb3 Ne7 21. Rd2 Nc6 22. Nb6+ Kc7 23. Na4 b6 24. Nc3 Nd4 25. Ne2 Ne6 26. Kf2 Kc6 27. c3 a5 28. Ng3 g6 29. Nf1 b5 30. Ne3 Rb8 31. Nd5 b4 32. cxb4 axb4 33. Nxf6 Nd4 34. Rd3 Ra8 35. Ng4 Ra2 36. Ne5+ Kb5 37. Rd2 Nxb3 38. Rc2 Nd4 39. Rd2 b3 40. Nd3 Nc2 41. e5 c4 42. Nc1 Ra1 43. e6 Ra6 44. e7 1-0

[Event "KOS-ch"]
[Site "Pristina"]
[Date "2020.10.18"]
[Round "4"]
[White "Gashi, Gani"]
[Black "Bujupi, Albert"]
[Result "0-1"]
[WhiteElo "1768"]
[BlackElo "1993"]
[PlyCount "61"]
[EventDate "2020.10.10"]
[EventType "swiss"]
[EventRounds "9"]
[EventCountry "KOS"]
[SourceTitle "EXT 2022"]
[Source "ChessBase"]
[SourceDate "2021.10.06"]
[SourceVersion "1"]
[SourceVersionDate "2021.10.06"]
[SourceQuality "1"]

1. e4 e5 2. c3 Nf6 3. Qc2 d5 4. exd5 Qxd5 5. Nf3 Nc6 6. d3 Bf5 7. Be3 0-0-0 8. Nbd2 Bxd3 9. Bxd3 Qxd3 10. Qxd3 Rxd3 11. Ke2 Rd7 12. b4 Nd5 13. Rhc1 Nxe3 14. fxe3 f6 15. g4 Be7 16. b5 Na5 17. Nh4 Rhd8 18. Rc2 b6 19. Nf5 Bf8 20. e4 c6 21. bxc6 Nxc6 22. Ne3 Rc7 23. Nf3 Nd4+ 24. Nxd4 exd4 25. cxd4 Rxd4 26. Rxc7+ Kxc7 27. Rc1+ Bc5 28. Rc4 Rxc4 29. Nxc4 b5 30. Ne3 Bxe3 31. Kxe3 0-1

[Event "KOS Cup"]
[Site "Pristina"]
[Date "2020.02.22"]
[Round "3.4"]
[White "Bujupi, Albert"]
[Black "Rama, Rame"]
[Result "1-0"]
[WhiteElo "1981"]
[BlackElo "2000"]
[PlyCount "155"]
[EventDate "2020.02.09"]
[EventType "k.o."]
[EventRounds "5"]
[EventCountry "KOS"]
[SourceTitle "CBM 195 Extra"]
[Source "ChessBase"]
[SourceDate "2020.05.31"]
[SourceVersion "1"]
[SourceVersionDate "2020.05.31"]
[SourceQuality "1"]

1. d4 d5 2. c4 e6 3. Nc3 Nf6 4. cxd5 exd5 5. Bg5 Be7 6. e3 0-0 7. Bd3 Re8 8. Nge2 Nbd7 9. h3 Nf8 10. Qc2 Be6 11. Nf4 c6 12. Nxe6 fxe6 13. 0-0 Nh5 14. Bxe7 Qxe7 15. Ne2 e5 16. dxe5 Qxe5 17. Qc3 Nd7 18. Qb4 Rab8 19. Qh4 Nhf6 20. b4 a6 21. Rfc1 Nf8 22. a4 Ne4 23. Bxe4 Qxe4 24. Qxe4 Rxe4 25. b5 axb5 26. axb5 cxb5 27. Nc3 Rc4 28. Nxd5 Rd8 29. Rd1 Kf7 30. f3 Ne6 31. Ra7 Rd7 32. e4 Ra4 33. Ra1 Rxa1+ 34. Rxa1 Nc7 35. Nxc7 Rxc7 36. Kf2 Ke6 37. Ke3 Rc3+ 38. Kd4 Rc4+ 39. Kd3 Kd6 40. Ra8 Rc7 41. Rd8+ Kc6 42. Kc3 h6 43. h4 Kb6+ 44. Kb2 Rf7 45. Kb3 Kc6 46. Kb4 Rf4 47. h5 Rf7 48. Rd5 b6 49. Re5 Rf6 50. Rxb5 Rd6 51. Rf5 Rd2 52. g4 Rd4+ 53. Kc3 Rd7 54. Kc4 Ra7 55. g5 hxg5 56. Rxg5 Rf7 57. Rg6+ Kc7 58. e5 Rxf3 59. Rxg7+ Kc6 60. Rg6+ Kd7 61. Kd5 Rd3+ 62. Ke4 Rh3 63. h6 b5 64. Kf5 b4 65. Rb6 b3 66. h7 Kc7 67. Rxb3 Rxh7 68. Rd3 Rh5+ 69. Kf6 Rh6+ 70. Kf7 Rh7+ 71. Kg6 Rh1 72. e6 Rf1 73. e7 Re1 74. Kf7 Rf1+ 75. Ke8 Rf2 76. Rc3+ Kb7 77. Rc5 Rf1 78. Kd7 1-0

[Event "Pristina op"]
[Site "Pristina"]
[Date "2019.06.30"]
[Round "4"]
[White "Bujupi, Albert"]
[Black "Zymberi, Astrit"]
[Result "0-1"]
[WhiteElo "1982"]
[BlackElo "2161"]
[PlyCount "64"]
[EventDate "2019.06.28"]
[EventType "swiss"]
[EventRounds "9"]
[EventCountry "KOS"]
[SourceTitle "CBM 191 Extra"]
[Source "ChessBase"]
[SourceDate "2019.09.30"]
[SourceVersion "1"]
[SourceVersionDate "2019.09.30"]
[SourceQuality "1"]

1. d4 Nf6 2. Bg5 Ne4 3. Bh4 c5 4. f3 g5 5. Qd3 gxh4 6. fxe4 Qb6 7. Qc3 Bg7 8. e3 Nc6 9. Qb3 Qxb3 10. axb3 cxd4 11. exd4 Nxd4 12. Na3 d6 13. 0-0-0 Bg4 14. Rd3 Rc8 15. Nf3 Nxf3 16. gxf3 Be6 17. Nb5 a6 18. Nd4 Bxd4 19. Rxd4 Bxb3 20. c3 b5 21. Rg1 f6 22. f4 Kf7 23. Be2 Rcg8 24. Re1 Rg2 25. h3 Rhg8 26. Bg4 Be6 27. Bxe6+ Kxe6 28. e5 Rg1 29. Kd2 Rxe1 30. Kxe1 f5 31. exd6 exd6 32. Rd3 Rg3 0-1

[Event "KOS-chT"]
[Site "Pristina"]
[Date "2018.05.11"]
[Round "5.3"]
[White "Bujupi, Albert"]
[Black "Aliu, Besnik"]
[Result "1/2-1/2"]
[WhiteElo "2011"]
[BlackElo "2095"]
[PlyCount "87"]
[EventDate "2018.05.07"]
[EventType "team-tourn"]
[EventRounds "7"]
[EventCountry "KOS"]
[SourceTitle "EXT 2019"]
[Source "ChessBase"]
[SourceDate "2018.10.10"]
[SourceVersion "1"]
[SourceVersionDate "2018.10.10"]
[SourceQuality "1"]
[WhiteTeam "Drenasi"]
[BlackTeam "Fushe Kosova"]
[WhiteTeamCountry "KOS"]
[BlackTeamCountry "KOS"]

1. d4 d5 2. c4 c6 3. Nf3 Nf6 4. Nc3 e6 5. Bg5 Be7 6. e3 Nbd7 7. Be2 h6 8. Bh4 b6 9. 0-0 Bb7 10. Rc1 Ne4 11. Bxe7 Qxe7 12. Nxe4 dxe4 13. Nd2 c5 14. Nb3 0-0 15. f4 f5 16. Qe1 a5 17. dxc5 a4 18. c6 axb3 19. cxb7 Rxa2 20. Qc3 Nc5 21. Bd1 Qf6 22. Bxb3 Rxb2 23. Qxf6 gxf6 24. Rb1 Rxb3 25. Rxb3 Nxb3 26. Rb1 Nc5 27. Rxb6 Rb8 28. Rc6 Nxb7 29. Rb6 Rc8 30. Rxb7 Rxc4 31. Kf2 Rc2+ 32. Kg3 Rc5 33. Kf2 e5 34. fxe5 fxe5 35. Kg3 Rc3 36. Kf2 Rc2+ 37. Kg3 Rc3 38. Kf2 f4 39. Re7 Rc2+ 40. Kf1 fxe3 41. Rxe5 Rf2+ 42. Ke1 Rxg2 43. Rxe4 Rxh2 44. Rxe3 1/2-1/2

[Event "KOS-ch"]
[Site "Pristina"]
[Date "2017.10.22"]
[Round "11"]
[White "Uruci, Endrit"]
[Black "Bujupi, Albert"]
[Result "1-0"]
[WhiteElo "2111"]
[BlackElo "2016"]
[PlyCount "67"]
[EventDate "2017.09.16"]
[EventType "tourn"]
[EventRounds "11"]
[EventCountry "KOS"]
[SourceTitle "EXT 2019"]
[Source "ChessBase"]
[SourceDate "2018.10.10"]
[SourceVersion "1"]
[SourceVersionDate "2018.10.10"]
[SourceQuality "1"]

1. e4 e5 2. Nf3 Nc6 3. Bc4 Nf6 4. 0-0 Be7 5. d3 0-0 6. c3 d5 7. exd5 Nxd5 8. Re1 Bf6 9. Nbd2 Bf5 10. Ne4 Bxe4 11. dxe4 Nb6 12. Bb3 a5 13. a4 Ne7 14. Be3 Ng6 15. g3 h6 16. Qe2 Nc8 17. Rad1 Nd6 18. h4 Re8 19. Nh2 Qe7 20. Ng4 Nf8 21. Qf3 Kh7 22. Bxh6 Nd7 23. Bg5 Bxg5 24. hxg5 Nc5 25. Nf6+ gxf6 26. Qh5+ Kg7 27. Qh6+ Kg8 28. gxf6 Qxf6 29. Qxf6 Nxb3 30. Kg2 Re6 31. Qg5+ Rg6 32. Qxe5 b6 33. Rh1 Rg7 34. Qd5 1-0

[Event "Kosovo Club Cup"]
[Site "Pristina"]
[Date "2016.11.12"]
[Round "2.1"]
[White "Aliu, Besnik"]
[Black "Bujupi, Albert"]
[Result "0-1"]
[WhiteElo "2114"]
[BlackElo "2021"]
[PlyCount "100"]
[EventDate "2016.11.06"]
[EventType "team-tourn"]
[EventRounds "7"]
[EventCountry "KOS"]
[SourceTitle "EXT 2018"]
[Source "ChessBase"]
[SourceDate "2017.10.13"]
[SourceVersion "1"]
[SourceVersionDate "2017.10.13"]
[SourceQuality "1"]
[WhiteTeam "Lesna"]
[BlackTeam "Drenasi"]
[WhiteTeamCountry "KOS"]
[BlackTeamCountry "KOS"]

1. e4 e5 2. Nf3 Nc6 3. d4 exd4 4. Nxd4 Nf6 5. Nc3 Bb4 6. Nxc6 bxc6 7. Bd3 d5 8. exd5 cxd5 9. 0-0 0-0 10. Bg5 c6 11. Ne2 h6 12. Bh4 Re8 13. Nd4 Bd7 14. Nf5 Bf8 15. Qd2 Bxf5 16. Bxf5 Ne4 17. Bxe4 Qxh4 18. Bf3 Bd6 19. h3 Re6 20. Rfe1 Rg6 21. Kf1 Rf6 22. Qc3 Bb4 23. Qd3 Bxe1 24. Rxe1 Qc4 25. Qxc4 dxc4 26. Re4 Rb8 27. Rxc4 Rxb2 28. a4 Re6 29. g3 Rb6 30. Be4 g6 31. Bd3 Re5 32. Rd4 Rd5 33. Re4 Kf8 34. Ke2 c5 35. Bc4 Rd7 36. Ke3 Re7 37. f3 Rb4 38. Bb5 Rd4 39. c3 Rd6 40. h4 f5 41. Rxe7 Kxe7 42. g4 Kf6 43. gxf5 Kxf5 44. Bf1 Re6+ 45. Kd3 Kf4 46. Kc4 Re3 47. a5 Kxf3 48. Bd3 Rxd3 49. Kxd3 g5 50. hxg5 hxg5 0-1